000 00840nam a2200313Ia 4500
001 063738
008 221003s2021 xx 000 0 spa d
020 _a978-84-323-2030-9
035 _aCENDO_53134
041 _aspa
084 _aCD-17464
100 _aFORTI, Steven
_935232
245 0 _aExtrema derecha 2.0 :
_bqué es y cómo combatirla /
_cSteven Forti ; prólogo de Enric Juliana
250 _a2ª ed
260 _aMadrid :
_bSiglo XXI,
_c2021
300 _a271 p. ;
_c 22 cm
650 _aSOCIOLOGIA
_9536
650 _aIDEOLOGIA POLITICA
_91711
650 0 _aPROBLEMA POLITICO
_92143
650 0 _aEUROPA
_9139
700 _aJULIANA RICARD, Enric
_916126
901 _a1
903 _aNO
904 _a000
953 _d2022-04-25
_yMONOGRAFIA
_oCD-17464
999 _c53133
_d53133
910 _a2021
942 _cMONOGRAFIA